Statistiques concernant Top 20 des pays où le français est une langue officielle

Cliquez ici pour prendre le quiz!

Statistiques générales

  • Ce quiz a été pris 210 fois
  • Le résultat moyen est 14 sur 20

Statistiques - réponses

millionpays% Correct
65,4France
99%
10,8Belgique
92%
34,2Canada
92%
7,8Suisse
91%
67,8Rép Dém Congo
88%
12,9Sénégal
87%
14,5Mali
84%
21,6Côte d'Ivoire
79%
15,9Niger
75%
20,0Cameroun
70%
10,3Guinée
68%
6,8Togo
67%
11,3Tchad
65%
9,2Bénin
64%
16,3Burkina Faso
63%
21,1Madagascar
56%
4,4République
Centrafricaine
56%
10,2Haïti
49%
10,3Rwanda
45%
8,5Burundi
41%

Distribution des résultats

Percentile par nombre de réponses

% des personnes avec chaque résultat

Votre développement - résultats

Vous n’avez pas pris ce quiz